Manolito gafotas : (Registro nro. 11609)

Detalles MARC
000 -LIDER
fixed length control field 00871nam a22002897a 4500
001 - NÚMERO DE CONTROL
Identificador de número de control 000573
003 - IDENTIFICACDOR DE NÚMERO DE CONTROL
control field DO-SdBNP
005 - DATE AND TIME OF LATEST TRANSACTION
control field 20221104080813.0
007 - CAMPOS FIJOS DE DESCRIPCIÓN FÍSICA
fixed length control field 000573
008 - ELEMENTOS DE LONGITUD FIJA
fixed length control field 161019b2002 sp a | 00| 0 spa d
020 ## - ISBN
International Standard Book Number 8420441856
040 ## - FUENTE DE CATALOGACIÓN
Agencia que crea de manera original el registro BPMSU
Idioma de catalogación spa
Agencia que realiza la transcripción BPMSU
082 #4 - NÚMERO DE CLASIFICACIÓN DECIMAL DE DEWEY
Classification number 863.6
Item number L747t 2002
Edition number 22
100 1# - ASIENTO PRINCIPAL -- NOMBRE PERSONAL
Nombre personal Lindo, Elvira,
Fechas asociadas con el nombre 1962-
Mención de responsabilidad
245 10 - MENCIÓN DE TITULO
Título Manolito gafotas :
Subtítulo Los trapos sucios /
Mención de responsabilidad Elvira Lindo ; ilustraciones de Emilio Urberuaga.
250 ## - MENCIÓN DE EDICION
Mención de edición 7a ed.
260 ## - PUBLICACIÓN, DISTRIBUCIÓN, ETC. (PIE DE IMPRENTA)
Lugar de publicación, distribución, etc Madrid :
Nombre del editor, distribuidor, etc. Alfaguara,
Fecha de publicación, distribución, etc 2002.
300 ## - DESCRIPCIÓN FÍSICA
Extensión 145 p. :
Otros detalles físicos il. ;
Dimensiones 20 cm.
490 0# - MENCIÓN DE SERIES
Mención de serie Manolito Gafotas.
590 ## - NOTA LOCAL
Enlace inventariadoj, 2022/VM
650 ## - ENCABEZAMIENTO DE MATERIA--TEMÁTICO
Término temático o nombre geográfico como elemento de entrada Cuentos infantiles españoles.
650 #4 - ENCABEZAMIENTO DE MATERIA--TEMÁTICO
Término temático o nombre geográfico como elemento de entrada Niños
Subdivisión de forma Cuentos infantiles.
650 ## - ENCABEZAMIENTO DE MATERIA--TEMÁTICO
Término temático o nombre geográfico como elemento de entrada Literatura española Infantil
700 1# - ASIENTO SECUNDARIO -- NOMBRE PERSONAL
Nombre personal Urberuaga, Emilio,
Mención de responsabilidad il.
910 ## - VALIDACIÓN
Validación LOPEREZ/ VMateo V. /Validado
942 ## - ADDED ENTRY ELEMENTS (KOHA)
Source of classification or shelving scheme Dewey Decimal Classification
Koha item type Libros
Existencias
Withdrawn status Lost status Source of classification or shelving scheme Damaged status Not for loan Collection code Home library Current library Date acquired Source of acquisition Full call number Barcode Date last seen Price effective from Koha item type
    Dewey Decimal Classification     Colección Juvenil General Biblioteca Pública Metropolitana Salomé Ureña Biblioteca Pública Metropolitana Salomé Ureña 10/19/2016 FUNDI BPMSU CG 863.6 L747m 2002 BPMSU16100266 10/19/2016 10/19/2016 Libros